Úvod do metodologie a metod pedagogického výzkumu

Salvato in:
Dettagli Bibliografici
Natura: Libro
Lingua:slovacco
Pubblicazione: Praha Státní pedagogické nakladatelství 1985
Edizione:2. dopln. vyd.
Serie:Učebnice pro vysoké školy
Tags: Aggiungi Tag
Nessun Tag, puoi essere il primo ad aggiungerne!!

MARC

LEADER 00000nam a2200000 4500
001 c110341
005 20250818104756.9
041 0 |a slo 
044 |a CZ 
245 1 0 |a Úvod do metodologie a metod pedagogického výzkumu  |c Jarmila Skalková a kol. 
250 |a 2. dopln. vyd. 
264 1 |a Praha  |b Státní pedagogické nakladatelství  |c 1985 
300 |a 209 s. 
490 1 |a Učebnice pro vysoké školy 
830 0 |a Učebnice pro vysoké školy